Revista dos Académicos de Direito. UNESP (Record no. 4347)
[ view plain ]
| 000 -CABECERA | |
|---|---|
| campo de control de longitud fija | 00370nam a22001217a 4500 |
| 080 ## - NUMERO DE CLASIFICACION DECIMAL UNIVERSAL (CDU) | |
| Número de la Clasificación Decimal Universal | 340= 690 R 327 |
| 245 ## - MENCION DE TITULO | |
| Título propiamente dicho | Revista dos Académicos de Direito. UNESP |
| 260 ## - PUBLICACION, DISTRIBUCION, ETC. (PIE DE IMPRENTA) | |
| Lugar de publicación, distribución, etc. | Francia |
| Nombre del editor, distribuidor, etc. | Campus de Framcia- UNESP |
| Fecha de publicación, distribución, etc. | 2009 |
| 300 ## - DESCRIPCION FISICA | |
| Extensión | 388 P. |
| 650 ## - ASIENTO SECUNDARIO DE MATERIA - TERMINO TEMATICO | |
| Fuente del encabezamiento o término | Tesauro de Biblioteconomía y Documentación |
| Subdivisión general | derecho |
| -- | responsabilidad civil |
| -- | derecho tributario |
| -- | procesos colevtivos |
| 942 ## - ELEMENTOS AGREGADOS (KOHA) | |
| Fuente de clasificación | |
| 945 ## - INFORMACION DE PROCESAMIENTO LOCAL | |
| Responsable de cargamodificación | Celeste Delía |
| Fecha de carga/modificación | 2016-08-04 |
No items available.
